00588nam a22001697a 4500003000900000005001700009008004100026040001300067100002200080245001900102250000700121260002100128300002300149490000600172500012400178520011600302IT-RoPau20220918175940.0130201b xxu||||| |||| 00| 0 eng d cIT-RoPau aChiesa, Francesco aGesù Maestro aII aAlbabPSSPc1928 a434 p.c24 x 19 cm vI aGesù Maestro. Seconda edizione. Alba, Pia Soc. S. Paolo, 1928. (Rilegato) Fotocopiato da originale intonso. 1997.  aIndice Prefazione Parte I - Necessità del Maestro Parte II - Gesù vero Maestro Parte III - Doveri nostri